Forage crops (Record no. 19382)

MARC details
000 -LEADER
fixed length control field 00401nam a2200157Ia 4500
082 ## - DEWEY DECIMAL CLASSIFICATION NUMBER
Classification number 633.25
Item number AHL
100 ## - MAIN ENTRY--AUTHOR NAME
Personal name AHLGREN, Gilbert H
245 #0 - TITLE STATEMENT
Title Forage crops
250 ## - EDITION STATEMENT
Edition statement 2
260 ## - PUBLICATION, DISTRIBUTION, ETC. (IMPRINT)
Place of publication New York
Name of publisher McGraw Hill
Year of publication 1956
490 ## - SERIES STATEMENT
Series statement McGraw Hill publication in the agricultural sciences
650 ## - SUBJECT ADDED ENTRY--TOPICAL TERM
Topical Term Forage crop
650 ## - SUBJECT ADDED ENTRY--TOPICAL TERM
Topical Term Legume
942 ## - ADDED ENTRY ELEMENTS (KOHA)
Koha item type Books
Holdings
Withdrawn status Lost status Damaged status Not for loan Home library Current library Date acquired Full call number Accession Number Koha item type
        RRII Library RRII Library 16/12/2021 633.25 AHL 00118 Books